Software and hardware engineering (0 19 512469 3)

Gorde:
Xehetasun bibliografikoak
Egile nagusia: FREDRICK M CADY
Formatua: Liburua
Hizkuntza:Undetermined
Argitaratua: Oxford 2000
Etiketak: Etiketa erantsi
Etiketarik gabe, Izan zaitez lehena erregistro honi etiketa jartzen!
Thư viện lưu trữ: Trung tâm Học liệu Trường Đại học Cần Thơ
LEADER 00422nam a2200145Ia 4500
001 CTU_49578
008 210402s9999 xx 000 0 und d
082 |a 005.1 
082 |b C121 
100 |a FREDRICK M CADY 
245 0 |a Software and hardware engineering (0 19 512469 3) 
245 0 |c FREDRICK M CADY, james M. Sibigtroth 
260 |b Oxford 
260 |c 2000 
980 |a Trung tâm Học liệu Trường Đại học Cần Thơ